Química general e inorgánica; tomo 1 /

Guardado en:
Autor Principal: Beguet, Adolfo
Formato: Libro
Publicado: Buenos Aires : Cesarini, 1975
Edición:7a. ed.
Materias:
Etiquetas: Agregar Etiqueta
Sin Etiquetas, Sea el primero en etiquetar este registro!
LEADER 00771nam a22002295a 4500
001 CEM.cems000920
005 20060213000000.0
008 130507s1975##################000#0#####d
003 CEMS
082 0 4 |a 540 
100 1 |a Beguet, Adolfo 
245 1 0 |a Química general e inorgánica; tomo 1 / 
250 |a 7a. ed. 
260 |a Buenos Aires :  |b Cesarini,  |c 1975 
300 |a 366 p. 
505 0 |a Halogenos. Azufre. Compuestos del azufre. Carbono y Silicio. Nitrogeno y Fosforo. Minerales y rocas. Metales. Metodos generales de preparacion de los metales. Radiactividad 
653 |a Coloides 
653 |a Estequiometria 
653 |a Materia-propiedades 
653 |a Oxidacion-reaccion 
653 |a Quimica 
859 |a CEMS  |b BIB. CEMS - 11 de abril  |h 540  |i B394a7/I  |p 5300.76  |t Ej.1